| 000 | 00725nam a2200145 a 4500 | ||
|---|---|---|---|
| 008 | 100819s2009 ||||||||||||||||| || u | ||
| 050 | _aTHESIS/STUDENT | ||
| 100 | _aChisala, Gillien | ||
| 245 | 1 | 4 | _aThe use of project method to teach the presentation of data in the form of graphs and tables to grade 11 |
| 260 |
_aKitwe _bCopperbelt University, School of Mathematics and Natural Sciences, Department of Mathematics and Science Education _c2009 |
||
| 350 | _a0.00 | ||
| 650 | _aEDUCATION, SECONDARY--ZAMBIA | ||
| 650 | 0 | _aEDUCATIONAL TESTS AND MEASUREMENTS | |
| 995 |
_D0.00 _FCBU-MAIN LIBRARY (Kitwe) _H1 _I0.00 _M1 _UAVAILABLE _WAug 19, 2010 _ZUniversity Collection |
||
| 999 |
_c61120 _d61120 |
||